000 00280nam a22001337a 4500
008 171218b xxu||||| |||| 00| 0 eng d
020 _a9780078745195
041 _aeng
080 _a316
100 _a50
101 _aSOC
245 _aSOCIOLOGY
_cSHEPARD.J.M
942 _2udc
_cBK
999 _c39092
_d39092